000 00840nam a2200217Ii 4500
003 JO-AjNU
008 230605s9999||||xx |||||||||||||| ||und||
020 _a978-9948-499-58-9
040 _aJO-AjNU
_bara
_erda
_cJO-AjNU
041 _aara
050 1 4 _aHG4026 2012
100 3 _aتأليف: العبيدي، ابراهيم عبداللطبف ابراهيم,
_eauthor
_948472
245 0 0 _aاهمية التخطيط المالي في الاستقرار الاسري
250 _aط1
264 3 1 _aدبي: دائرة الشؤون الاسلامية والعمل الخيري، 2012
300 _a48ص
_bيحتوي على ببلوغرافية من 45-48ص
336 _atext
_btxt
_2rdacontent
337 _aunmediated
_bn
_2rdamedia
338 _avolume
_bnc
_2rdacarrier
650 4 _aالتخطيط المالي - الاسرة
_948473
999 _aA21230
_c24798
_d24798